Т. 2; Сочинения

Bibliographic Details
Parent link:Сочинения: В 2 т./ Николай Кузанский. Т. 2.— , 1979-1980
Language:Russian
Published: 1980
Subjects:
Format: Book
KOHA link:https://koha.lib.tpu.ru/cgi-bin/koha/opac-detail.pl?biblionumber=20002

MARC

LEADER 00000nam2a2200000 4500
001 20002
005 20231101205326.0
035 |a (RuTPU)RU\TPU\book\20175 
035 |a BOOK00020245 
090 |a 20002 
100 |a 20011209d1980 km y0rusy50 ca 
101 1 |a rus  |c lat 
102 |a RU 
105 |a y z 000zy 
200 0 |a Т. 2 
210 |d 1980 
215 |a 471 с. 
461 1 |0 (RuTPU)RU\TPU\book\13457  |t Сочинения  |o В 2 т.  |v Т. 2  |o пер. с лат.  |f Николай Кузанский  |d 1979-1980  |s Философское наследие 
606 1 |a Немецкая философия  |z 15 - 17 в.  |2 stltpush  |3 (RuTPU)RU\TPU\subj\45371  |9 64615 
610 1 |a философия 
610 1 |a средневековая философия 
610 1 |a 15 век 
610 1 |a Возрождение 
610 1 |a история 
686 |a Ю3(4Г)43  |v LBC/SL-A  |2 rubbk 
801 0 |a RU  |b 63413507  |c 20011209  |g PSBO 
801 2 |a RU  |b 63413507  |c 20190607  |g PSBO 
942 |c BK